A meglepetés ereje Reflektorfényben a gerillamarketing
| Szerző: | |
|---|---|
| További közreműködők: | |
| Dokumentumtípus: | Projektmunka |
| Kulcsszavak: | elgondolkodtatás figyelemfelkeltés gerillamarketing költséghatékonyság marketing |
| Online Access: | http://dolgozattar.uni-bge.hu/59680 |
MARC
| LEADER | 00000nnm a2200000 i 4500 | ||
|---|---|---|---|
| 001 | dolg59680 | ||
| 005 | 20260409145418.0 | ||
| 008 | 260409suuuu hu o 000 hun d | ||
| 040 | |a BGE Dolgozattár Repozitórium |b hun | ||
| 041 | |a hu | ||
| 100 | 1 | |a Erdőhelyi István | |
| 245 | 1 | 2 | |a A meglepetés ereje |b Reflektorfényben a gerillamarketing |c Erdőhelyi István |h [elektronikus dokumentum] |
| 516 | |a Project_work | ||
| 520 | 3 | |a A projektmunkámat a geillamarketingről írtam, ami egy olyan téma, amiről a kutatásaim alapján kiderült, hogy az emberek többsége nem igen ismeri név szerint, de a legtöbben már találkoztak vele. Szót ejtek benne a marketingről és a gerillamarketinget pedig alaposan bemutatom, hogy mi is az valójában. Készítettem benne egy primer kutatást is, hogy megtudjam azt, hogy az emberek mennyire ismerik. A gerillamarketing egy nagyon izgalmas téma. Örülök, hogy ezen a témán dolgozattam és rengeteget tanultam kidolgozása alatt. | |
| 695 | |a elgondolkodtatás | ||
| 695 | |a figyelemfelkeltés | ||
| 695 | |a gerillamarketing | ||
| 695 | |a költséghatékonyság | ||
| 695 | |a marketing | ||
| 700 | 1 | |a Sólyomfi Dr. Andrea Hanna |e ths | |
| 856 | 4 | 0 | |u http://dolgozattar.uni-bge.hu/59680/1/Erd%C5%91helyi%20Istv%C3%A1n%20projektmunka%20%287%29.pdf |z Dokumentum-elérés |
| 856 | 4 | 0 | |u http://dolgozattar.uni-bge.hu/59680/2/Erd%C5%91helyi%20Istv%C3%A1n%20.pdf |z Dokumentum-elérés |